| 000 | 00572nam a2200217Ia 4500 | ||
|---|---|---|---|
| 005 | 20260629163255.0 | ||
| 008 | 260629s9999||||xx |||||||||||||| ||und|| | ||
| 020 |
_a0631175385 _qpbk |
||
| 020 |
_a9780631175384 _qpbk |
||
| 082 |
_a801.95 _bRAD |
||
| 100 | _aRadhakrishnan, Rajagopalan | ||
| 245 | 0 | _aTheory in an uneven world | |
| 260 |
_aOxford _bBlackwell Publishing _c2003 |
||
| 300 | _axv, 217p. ; 24cm. | ||
| 653 | _aCriticism | ||
| 653 | _aCritique | ||
| 653 | _aPostcolonialism | ||
| 653 | _aPostcolonialisme | ||
| 653 | _aPoststructuralism | ||
| 942 | _cBK | ||
| 999 |
_c57327 _d57327 |
||